Liste der französischen Staatspräsidenten - Statistiken

Allgemein
  • Dieses Quiz wurde 32 mal gespielt
  • Das Durchschnittsergebnis liegt bei 6 aus 8
Antwortstatistiken
Hint Antwort % Korrekt
2017- Emmanuel Macron
96%
1959-1969 Charles de Gaulle
88%
2012-2017 Francois Hollande
81%
1981-1995 Francois Mitterand
77%
2007-2012 Nicolas Sarkozy
73%
1995-2007 Jacques Chirac
65%
1969-1974 Georges Pompidou
42%
1974-1981 Valery Giscard d'Estaing
27%
Keine übereinstimmenden Quizze gefunden
Verteilung der Resultate
Anzahl Personen mit jedem Resultat
Perzentil nach korrekt beantworteten Fragen
Ihre Resultats-Entwicklung
Sie haben dieses Quiz noch nicht gespielt